Конструкция, расчет и эксплуатация измерительных инструментов и приборов: учебник

Dettagli Bibliografici
Autore principale: Марков Н. Н. Николай Николаевич
Altri autori: Ганевский Г. М. Григорий Маркович (редактор)
Lingua:russo
Pubblicazione: Москва, Машиностроение, 1981
Soggetti:
Natura: MixedMaterials Libro
KOHA link:https://koha.lib.tpu.ru/cgi-bin/koha/opac-detail.pl?biblionumber=50300

MARC

LEADER 00000nam0a2200000 4500
001 50300
005 20231031032820.0
035 |a (RuTPU)RU\TPU\book\52677 
090 |a 50300 
100 |a 20030414d1981 m y0rusy50 ca 
101 0 |a rus 
102 |a RU 
105 |a a j 001zy 
200 1 |a Конструкция, расчет и эксплуатация измерительных инструментов и приборов  |e учебник  |f Н. Н. Марков, Г. М. Ганевский  |g Под ред. Н. Н. Маркова 
210 |a Москва  |c Машиностроение  |d 1981 
215 |a 367 с.  |c ил. 
320 |a Библиогр.: с. 362-363 
610 1 |a измерительные приборы 
610 1 |a измерительные инструменты 
610 1 |a конструкции 
610 1 |a расчеты 
610 1 |a эксплуатация 
610 1 |a средства измерений 
610 1 |a учебники 
675 |a 621.002.56(075.32)  |v 3 
700 1 |a Марков  |b Н. Н.  |g Николай Николаевич 
701 1 |a Ганевский  |b Г. М.  |g Григорий Маркович 
702 1 |a Марков  |b Н. Н.  |g Николай Николаевич  |4 340 
801 1 |a RU  |b 63413507  |c 20030414  |g PSBO 
801 2 |a RU  |b 63413507  |c 20150126  |g PSBO 
942 |c BK